| 000 | 00000nam##2200000za#4500 |
| 001 | 9.670073 |
| 003 | CaOODSP |
| 005 | 20210615125242 |
| 007 | ta |
| 008 | 150407|2008||||xxc||||| f|0| 0 eng|d |
| 020 | |a978-0-662-05668-3 |
| 040 | |aCaOODSP|beng |
| 041 | |aeng |
| 041 | |afre |
| 043 | |an-cn--- |
| 086 | 1 |aH128-1/08-534 |
| 110 | 1 |aCanada. |bHealth Canada. |
| 245 | 10|aChildren's car seats and booster cushions - how long are they safe? |
| 260 | |aOttawa - Ontario : |bHealth Canada |cc2008. |
| 300 | |aEnglish text, 1p. : |btable ; |c28 cm. |
| 563 | |aProcessed |
| 590 | |a08-48|b2008-11-28 |
| 776 | 0#|tPendant combien de temps les sièges d'enfant et les coussins d'appoint sont-ils sécuritaires? |w(CaOODSP)9.643639 |
| 776 | 0#|tChildren's car seats and booster cushions - how long are they safe? |w(CaOODSP)9.699663 |
| 792 | |tPendant combien de temps les sièges d'enfant et les coussins d'appoint sont-ils sécuritaires? |efre|w(CaOODSP)9.670074 |
| 986 | |aHC Pub. 4443 |